000 00840naa a2200241 i 4500
001 4078
003 ES-MaBCM
005 20241016090824.0
008 881122s1988 esp 000 0 spa d
021 _axx
035 _a(OCoLC)1365203474
040 _cES-MaBCM
041 0 _aspa
043 _aesp
100 1 _aFernández Areal, José Ramón
_915172
245 1 3 _aLa "excepción militar" a la abolición de la pena de muerte
_cJosé Ramón Fernández Areal
520 _aEstudia los casos de excepción a la abolición de la pena de muerte en las leyes penales militares para tiempo de guerra
650 2 7 _aPena de muerte
_959744
650 2 7 _aDerecho penal militar
_958348
651 2 4 _aEspaña
_9115342
773 0 _aEn:
_tRevista general de derecho
_dValencia : 1988
_w104584
_gnº 528, septiembre ; p. 5219-5232
942 _cAREV
999 _c4078
_d4078